000
00250nam a2200097Ia 4500
001
1210704
005
20250827024423.0
008
250824s9999 xx 000 0 und d
245
0
_a
KUMRAL ADA MAVİ TUNA B3
_c
BUKET UZUNER
260
_b
EVEREST YAYINLARI
999
_c
1210704
_d
1210704